|
|
|
|
| LEADER |
00000nam a2200000Ia 4500 |
| 008 |
170726b2006 cr ||||| |||| 00| | spa d |
| 999 |
|
|
|c 827
|d 827
|
| 020 |
|
|
|a 9968411132
|
| 090 |
|
|
|a 05.04.01
|b 1566
|
| 100 |
1 |
|
|a Carreño Sinisterra de LLorente, María Eugenia
|9 3045
|
| 245 |
1 |
0 |
|a Valores y convivencia /
|c Ma. Eugenia Carreño Sinisterra de LLorente, prólogo de Ma. Adela Tames
|
| 260 |
|
|
|a San José, Costa Rica :
|b Promesa,
|c 2006
|
| 300 |
|
|
|a 184 páginas
|
| 490 |
|
|
|a Filosofía,
|v 7
|
| 650 |
1 |
4 |
|a VALORES SOCIALES
|9 594
|
| 650 |
1 |
4 |
|a FAMILIA
|9 404
|
| 650 |
1 |
4 |
|a SOCIEDAD
|9 396
|
| 700 |
1 |
|
|9 3046
|a Tames, María Adela
|
| 942 |
|
|
|i 003189
|h 05.04.01 1566
|2 z
|c 01
|